00570nam a2200169Ia 4500008004100000020001800041041000800059082001600067100003500083245004400118250000600162260003800168300000800206650003100214999001900245952013600264210716s2008 xx 000 0 und d a9788131505915 aeng a003.55 AKSP aAksoy, Pelin; Denardis, Laura. aIntroduction to information technology. a1 aNew DelhibCengage Learningc2008 a410 aInformation Theory(003.54) c189773d189773 001040708MCAaAIMITbAIMITeHigginbothams Pvt Ltdg295.00l0o003.55 AKSPpMCA09281r2025-07-21 00:00:00v221.25w2021-07-16yBK